00539 a2200181 4500010001400000020002300014035001300037037001600050082001100066100002300077245008000100250001200180260004400192270004700236300003200283500002000315700002200335 aENG-88732 c550.00a8120332355 aEN-72265 bDBAD / PUB14a004.211 aKendal, Kenneth E.1 aSystems analysis and design/cby Kenneth E. Kendall [and] Julie E. Kendall a7th ed. aNew DelhibPrentice-Hall of Indiac2007 aM-97, Connaught CircusbNew Delhie110 001 axxvi, 774 p.c28 cm. (Pbk.) aIncludes index1 aKendall, Julie E.